| 000 | 00766ntaaa2200229 4500 | ||
|---|---|---|---|
| 003 | 01 | ||
| 005 | 20251027202242.0 | ||
| 008 | 0714s1973 ag 01 | ||
| 040 |
_aAR-BaBN _bspa _cAR-BaBN _eaacr _dRIC |
||
| 082 | _a268.3300 G35a | ||
| 100 |
_aGibbs, Alfredo P. _920909 |
||
| 245 | _aA través de las escrituras | ||
| 250 | _a1 ed. | ||
| 260 |
_aBuenos Aires : _bFundación cristiana de evangelización, _c1978 |
||
| 300 | _avs. | ||
| 500 | _aPublicaciones en curso que completará un ciclo de cinco años de programas de estudios para escuelas dominicales | ||
| 650 |
_aescuela dominical-maestro _920910 |
||
| 650 | _aenseñanza-escuela dominical | ||
| 650 |
_abiblia-bosquejos _910061 |
||
| 650 |
_ahomiletica-bosquejos _920912 |
||
| 650 |
_abiblia-estudios _91739 |
||
| 999 |
_c17290 _d17290 |
||